000 00634nam a2200205 a 4500
001 BRL_912
005 20190320210942.0
008 241013s1950----mx-a######---#000-0#eng-#
041 _aeng
044 _amx
050 4 _aF1391.T23
_b.C67 1950
100 1 _aCortés de Figueroa, Leslie
_925307
245 1 0 _aTaxco
_bthe enchanted city; a handbook for tourists
_cby Leslie Cortés de Figueroa.
260 _aMéxico
_bEditorial Fischgrund
_c1950
300 _a88 p.
_bil., mapas, láminas
_c20 cm.
500 _aAu1073
651 4 _aTaxco (Guerrero)
_vGuías de viajeros
_xDescripción y viajes
_925308
902 _aGRL
942 _2lcc
_cB
999 _c9724
_d9724